Guess the Footballers by their Teams #28 - Statistics

General Stats
  • This quiz has been taken 146 times
  • The average score is 6 of 10
Answer Stats
Hint Answer % Correct
2001-2019. Feyenoord, Arsenal, Manchester United, Fenerbahce, Feyenoord, Netherlands. Robin van Persie
98%
2014-. Stromsgodset, Real Madrid Castilla, Real Madrid, Heerenveen (loan), Vitesse (loan), Real Sociedad (loan), Arsenal (loan), Arsenal, Norway. Martin Odegaard
78%
2000-. Boulogne, Ales, Brest, Metz, Galatasaray, Marseille, Bayern Munich, Fiorentina, Salernitana, France. Franck Ribery
72%
2011-. Ribeirao, Rio Ave, Benfica B, Benfica, Manchester City, Brazil. Ederson
64%
2003-. Shrewsbury Town, Manchester City, Tranmere Rovers (loan), Blackpool (loan), Birmingham City (loan), Torino (loan), West Ham United (loan), Burnley, Tottenham Hotspur, Celtic, England. Joe Hart
54%
1980-1995. Ajax, Sporting CP, Real Zaragoza (loan), AC Milan, Ajax, Netherlands. Frank Rijkaard
51%
2009-. Blacktown City, Central Coast Mariners, Club Brugge, Valencia, Genk (loan), Brighton & Hove Albion, Arsenal (loan), Real Sociedad, Australia. Mathew Ryan
50%
1983-2008. Millwall, Aldershot (loan), Djurgardens IF (loan), Nottingham Forest, Tottenham Hotspur, Manchester United, Tottenham Hotspur, Portsmouth, West Ham United, Colchester United, England. Teddy Sheringham
47%
2005-2019. Juventus, Empoli (loan), Zenit Saint Petersburg, Italy. Claudio Marchisio
39%
2010-. Damash Tehran, Damash Gilan, NEC, AZ, Brighton & Hove Albion, Feyenoord, Iran. Alireza Jahanbakhsh
34%
No matching quizzes found
Score Distribution
Percent of People with Each Score
Percentile by Number Answered
Your Score History
You have not taken this quiz